Goblet of Fire: First Line Quiz Stats

Quiz not verified by Sporcle

Challenge
Share
Tweet
Embed
Score 0/63 Timer 10:00
0 Plays Today
Quote Character % Correct
“She did put enough stamps on, then.”Harry Potter
100%
“Oh hello, Harry. I was wondering who was making all that noise. I’m trying to work in here, you know – I’ve got a report to finish for the office – and it’s rather difPercy Weasley
93.8%
“It’s no one’s fault but Potter’s, Karkaroff. Don’t go blaming Dumbledore for Potter’s determination to break rules. He has been crossing lines since he arrived here --Severus Snape
93.8%
“I have only two words to say to you. Tuck in.”Albus Dumbledore
93.8%
“Oh no, Ron. No, this is exactly where we wanted to end up.”Fred Weasley
93.8%
“Ah, Fudge. How are you? I don’t think you’ve met my wife, Narcissa? Or our son, Draco?”Lucius Malfoy
93.8%
“Gran didn’t want to go. Wouldn’t but tickets. It sounded amazing though.'Neville Longbottom
93.8%
“No thank you, Ludo. I’ve been looking for you everywhere. The Bulgarians are insisting we add another twelve seats to the Top Box.”Barty Crouch, Sr.
93.8%
“Maybe Harry can hear us, Dad –– maybe he’ll be able to let us out––”George Weasley
93.8%
“There’s a little more in the bottle, my Lord, if you are still hungry.”Peter Pettigrew
93.8%
“PEEVES! Peeves, come down here at ONCE!”Minerva McGonagall
93.8%
“Why don’t you show Harry where he’s sleeping, Ron?”Hermione Granger
93.8%
“Ahoy there! Arthur, old man, what a day, eh? What a day! Could we have asked for more perfect weather? A cloudless night coming…and hardly a hiccough in the arrangements … NLudo Bagman
93.8%
“All righ’, Harry? See ya at the feast if we don’ drown!”Rubeus Hagrid
93.8%
“MORSMORDRE! // OH NO YOU DON’T, LADDIE!”Barty Crouch, Jr. (As Moody)
93.8%
“Over here, Arthur! Over here, son, we’ve got it!Amos Diggory
93.8%
“We’ve been hearing explosions out their room for ages, but we never thought they were actually making things. We thought they just liked the noise.”Ginny Weasley
93.8%
“Excuse me, are you wanting ze bouillabaisse?”Fleur Delacour
93.8%
“Vell, ve have a castle also, not as big as this, nor as comfortable, I am thinking.”Viktor Krum
93.8%
“Well, with feet that size, hard not to.”Draco Malfoy
87.5%
“Dumbly-dorr. I ‘ope I find you well?”Olympe Maxime
87.5%
“Sorry, Perce. How’re the cauldron bottoms coming on?”Bill Weasley
87.5%
“There you are, Diddy darling.”Petunia Dursley
87.5%
“Ouch! Fred, no – go back, go back, there’s been some kind of mistake – tell George not to – OUCH! George, no, there’s no room, go back quickly and tell Ron ––”Arthur Weasley
87.5%
“Hi. // Harry fell off his broom, Dad. I told you … it was an accident …”Cedric Diggory
87.5%
“Harry Potter, sir! Harry Potter!”Dobby
87.5%
“Later. Move me closer to the fire, Wormtail.”Lord Voldemort
87.5%
“When the connection is broken, we will linger for only moments … but we will give you time … you must get to the Portkey, it will return you to Hogwarts … do you understanJames Potter
87.5%
“Stunningly pretty? Her? What was she judging against – a chipmunk?”Pansy Parkinson
81.3%
“Is this it?”Vernon Dursley
81.3%
“Good day. You are preoccupied, my dear. My inner eye sees past your brave face to the troubled soul within. And I regret to say that your worries are not baseless. I see difficuSybill Trelawney
81.3%
“Your father’s coming … Hold on for your father … It will be all right … Hold on …”Lily Potter
81.3%
Quote Character % Correct
“Not doing nothing! Already wet, aren’t they? Little squirts! Wheeeeeeeeee!”Peeves
81.3%
“Harry! Ron! Hermione! Like the decorations? The Ministry’s not too happy.Seamus Finnigan
81.3%
“Bubotubers. They need squeezing. You will collect the pus ––”Pomona Sprout
81.3%
“Ouch! It got me!”Dean Thomas
81.3%
“Dumbledore! How are you, my dear fellow, how are you?”Igor Karkaroff
81.3%
“Tell me what?”Molly Weasley
81.3%
“I’d try putting it in the water, if I were you.”Moaning Myrtle
81.3%
“Hiya, Harry!”Colin Creevey
75%
“Colin, I fell in! It was brilliant! And something in the water grabbed me and pushed me back in the boat!”Dennis Creevey
75%
“He knows, man.”Lee Jordan
75%
“Harry Potter, you know. Harry Potter … oh come on now, you know who he is…the boy who survived You-Know-Who …you do know who he is ––”Cornelius Fudge
75%
“Maybe not that small, Ludo.”Rita Skeeter
75%
“Never mind me, how are you?”Sirius Black
75%
“Eurgh! // Eurgh! Eurgh, Hagrid, what’s that pointy thing on it?”Lavender Brown
75%
“Did sir just call me Dobby?” Winky
75%
“What are we doing here? Has something gone wrong?”Ron Weasley
75%
“Hey – Harry! // No – it was just – you dropped your quill.”Cho Chang
75%
“Well, I’ve done it! Just put my name in!” Angelina Johnson
68.8%
“The Dark Lord will rise again, Crouch! Throw us into Azkaban; we will wait! He will rise again and will come for us, he will reward us beyond any of his other supporters! We aloBellatrix Lestrange
68.8%
“Yes, all right then. // She’s going with Seamus.”Parvati Patil
62.5%
“How’re you doing, Harry?”Charlie Weasley
62.5%
“You’ll be able to pay back Diggory for that last Quidditch match, Harry!”Katie Bell
62.5%
“Dragons! Last year dementors, this year dragons, what are they going into bring to this school next? You’re very lucky … this is quite shallow … it’ll need cleaning befoPoppy Pomfrey
62.5%
“What’s that you’re calling me?Frank Bryce
56.3%
“Mademoiselle Delacour, could we have you first, please?”Garrick Ollivander
50%
“Master! Master, forgive me! Forgive us all!”Avery
50%
“Like poor Eloise Midgen. She tried to curse hers off.”Hannah Abbott
43.8%
“Don’t let go, now! Don’t let him get you, Harry – don’t let go!”Bertha Jorkins
31.3%
“Good evening.”Nearly Headless Nick
31.3%
“Absolutely right. Like that. Yeah.”Roger Davies
25%
“Hurry up, now, the bell rang five minutes ago.”Wilhelmina Grubby-Plank
0%

You're not logged in!

Compare scores with friends on all Sporcle quizzes.
Join for Free
OR
Log In

You Might Also Like...

Show Comments

Extras

Created Jul 28, 2017ReportNominate
Tags:Quote Quiz, character, fire, goblet

Top Quizzes Today


Score Distribution

Your Account Isn't Verified!

In order to create a playlist on Sporcle, you need to verify the email address you used during registration. Go to your Sporcle Settings to finish the process.

Report this User

Report this user for behavior that violates our Community Guidelines.

Details: